Ile członów ma ten pociąg? - Statystyki

Ogólne statystyki
  • Ten quiz został rozwiązany 16 razy
  • Średni wynik to 8 z 15
Statystyki odpowiedzi
Zagadnienie Odpowiedź % Poprawnych
SN83 2
85%
EN57 3
69%
EN76 4
69%
ED160 8
69%
SA103 1
62%
SD85 2
62%
ED74 4
62%
ED161 8
62%
SA134 2
46%
SA136 3
46%
EN90 5
46%
ER160 5
46%
SN84 3
38%
SA105 1
31%
ED250 7
31%
Nie znaleziono quizów pasujących do podanych kryteriów
Rozkład punktacji
Procent ludzi z każdym wynikiem
Percentyl według liczby udzielonych odpowiedzi
Twoja historia wyników
Nie rozwiązałeś tego quizu